Biathlon Verfolgungsweltcup der Männer 24/25 - Statistiken

Allgemein
  • Dieses Quiz wurde 26 mal gespielt
  • Das Durchschnittsergebnis liegt bei 15 aus 20
Antwortstatistiken
# Biathlet Punkte % Korrekt
2 Johannes Thingnes Boe 430
100%
1 Sturla Holm Laegreid 430
100%
8 Tarjei Boe 209
100%
7 Emilien Jacquelin 231
91%
12 Philipp Nawrath 151
91%
6 Quentin Fillon Maillet 250
91%
3 Sebastian Samuelsson 290
91%
16 Justus Strelow 126
86%
11 Martin Ponsiluoma 165
86%
4 Tommaso Giacomel 271
86%
5 Eric Perrot 251
82%
10 Martin Uldal 192
73%
19 Philipp Horn 120
73%
17 Niklas Hartweg 123
68%
9 Vebjoern Soerum 198
68%
13 Campbell Wright 148
59%
14 Jakov Fak 146
59%
15 Fabien Claude 131
55%
18 Dmytro Pidruchnyi 120
36%
20 Antonin Guigonnat 108
32%
Keine übereinstimmenden Quizze gefunden
Verteilung der Resultate
Anzahl Personen mit jedem Resultat
Perzentil nach korrekt beantworteten Fragen
Ihre Resultats-Entwicklung
Sie haben dieses Quiz noch nicht gespielt